| 000 | 00469nam a2200157Ia 4500 | ||
|---|---|---|---|
| 008 | 210716s1987 xx 000 0 und d | ||
| 020 | _a9780875848815 | ||
| 041 | _aeng | ||
| 082 | _a658.4062 HARV | ||
| 100 | _aHarvard Business Review. | ||
| 245 |
_aHarvard business review: on knowledge management. _bOn knowledge management. |
||
| 250 | _a1 | ||
| 260 |
_aUSA _bHarvard Business Review Book _c1987 |
||
| 300 | _a223 | ||
| 650 | _aOrganizational Development & Change | ||
| 999 |
_c202894 _d202894 |
||